Indikátory udržateľnej podnikovej produkcie v praxi
Trvalo udržateľný rozvoj a jeho princípy. Udržateľná spotreba a produkcia. Udržateľná podniková produkcia a princípy trvalo udržateľnej podnikovej produkcie. Hlavné témy a subtémy indikátorov udržateľného rozvoja OSN.
Salvato in:
| Autore principale: | |
|---|---|
| Altri autori: | |
| Natura: | Capitolo di libro |
| Lingua: | slovacco |
| Soggetti: | |
| Tags: |
Nessun Tag, puoi essere il primo ad aggiungerne!!
|
MARC
| LEADER | 00000nla a2200000 4500 | ||
|---|---|---|---|
| 001 | 0240551 | ||
| 005 | 20240502073919.1 | ||
| 041 | 0 | |a slo | |
| 044 | |a SK | ||
| 245 | 1 | 0 | |a Indikátory udržateľnej podnikovej produkcie v praxi |c Mária Blišťanová, Zuzana Rudášová |
| 520 | |a Trvalo udržateľný rozvoj a jeho princípy. Udržateľná spotreba a produkcia. Udržateľná podniková produkcia a princípy trvalo udržateľnej podnikovej produkcie. Hlavné témy a subtémy indikátorov udržateľného rozvoja OSN. | ||
| 610 | 2 | 0 | |a podnik |
| 610 | 2 | 0 | |a produkcia |
| 610 | 2 | 0 | |a prostredie životné |
| 610 | 2 | 0 | |a rozvoj trvalo udržateľný |
| 610 | 2 | 0 | |a ukazovatele |
| 100 | 1 | |a Blišťanová, Mária | |
| 700 | 1 | |a Rudášová, Zuzana | |